| 000 | 00671nam a2200205Ia 4500 | ||
|---|---|---|---|
| 001 | 21615 | ||
| 003 | GE_BSU | ||
| 008 | 181216s||||||||xx |||||||||||||| ||und|| | ||
| 040 | _cGE_BSU | ||
| 245 | _aАгротехника и технологии. 5(63) Сентябрь-Октябрь 2017 | ||
| 245 | _bГорозная Лапа | ||
| 245 | _cГл. ред. Мария Лушникова | ||
| 260 | _aМосква | ||
| 260 | _c2017 | ||
| 300 | _a58стр,илл,27см | ||
| 653 | _aАгротехника и технологии.5(63) Сентябрь-Октябрь 2017 | ||
| 653 | _aПериодика | ||
| 653 | _aპერიოდიკა | ||
| 942 | _cCR | ||
| 999 |
_c54550 _d54550 |
||